| 000 | 00544nam a2200217Ia 4500 | ||
|---|---|---|---|
| 008 | 170918s9999 xx 000 0 und d | ||
| 020 | _a9780439928762 | ||
| 050 | _bB924 2007 | ||
| 100 | _aBuckley, Michael | ||
| 245 | 4 | _aThe sisters grimm / | |
| 245 | _cMichael Buckley ; pictures by Peter Ferguson. | ||
| 260 | _aNew York : | ||
| 260 | _bScholastic, | ||
| 260 | _c2007 | ||
| 300 | _a284 pages : | ||
| 300 | _bcolored illustration ; | ||
| 300 | _c19cm. | ||
| 440 | _aThe fairy-tale detectives ; | ||
| 440 | _v1 | ||
| 500 | _a840 | ||
| 999 |
_c342112 _d342112 |
||